El corto verano de la anarquía (Record no. 19931)

MARC details
000 -LEADER
campo de control de longitud fija 01060nam a2200301 i 4500
001 - NÚMERO DE CONTROL
campo de control 19931
003 - IDENTIFICADOR DE NÚMERO DE CONTROL
campo de control ES-MaACL
005 - FECHA Y HORA DE LA ÚLTIMA TRANSACCIÓN
campo de control 20250803110207.0
007 - CAMPO FIJO DE DESCRIPCIÓN FÍSICA--INFORMACIÓN GENERAL
campo de control de longitud fija t|
008 - DATOS DE LONGITUD FIJA--INFORMACIÓN GENERAL
campo de control de longitud fija 020715s2002 sp |||| |bspa j
020 ## - NÚMERO INTERNACIONAL ESTÁNDAR DEL LIBRO
Número Internacional Estándar del Libro 84-339-6706-1
080 ## - NÚMERO DE LA CLASIFICACIÓN DECIMAL UNIVERSAL
Número de la Clasificación Decimal Universal 929 Durruti, Buenaventura (0:82)
080 ## - NÚMERO DE LA CLASIFICACIÓN DECIMAL UNIVERSAL
Número de la Clasificación Decimal Universal 821.112.2-31"19"
100 1# - ENTRADA PRINCIPAL--NOMBRE DE PERSONA
Nombre de persona Enzensberger, Hans Magnus.
9 (RLIN) 47315
245 13 - MENCIÓN DEL TÍTULO
Título El corto verano de la anarquía
Resto del título : vida y muerte de Durruti : novela /
Mención de responsabilidad, etc. Hans Magnus Enzensberger ; traducción de Julio Forcat y Ulrike Hartmann.
260 ## - PUBLICACIÓN, DISTRIBUCIÓN, ETC.
Lugar de publicación, distribución, etc. Barcelona :
Nombre del editor, distribuidor, etc. Anagrama,
Fecha de publicación, distribución, etc. 2002.
300 ## - DESCRIPCIÓN FÍSICA
Extensión 276 p. ;
Dimensiones 21 cm.
490 1# - MENCIÓN DE SERIE
Mención de serie Compactos Anagrama ;
Designación de volumen o secuencia 274
600 17 - PUNTO DE ACCESO ADICIONAL DE MATERIA--NOMBRE DE PERSONA
Nombre de persona Durruti, Buenaventura,
Fechas asociadas al nombre 1896-1936
9 (RLIN) 241539
Fuente del encabezamiento o término embne
650 #4 - PUNTO DE ACCESO ADICIONAL DE MATERIA--TÉRMINO DE MATERIA
9 (RLIN) 9790
Término de materia o nombre geográfico como elemento de entrada Anarquismo-
Subdivisión geográfica España
700 1# - ENTRADA AGREGADA--NOMBRE PERSONAL
Nombre de persona Forcat, Julio.
9 (RLIN) 51686
700 1# - ENTRADA AGREGADA--NOMBRE PERSONAL
Nombre de persona Hartmann, Ulrike.
9 (RLIN) 61994
830 0# - PUNTO DE ACCESO ADICIONAL DE SERIE-TÍTULO UNIFORME
Título uniforme Compactos Anagrama ;
Designación de volumen o secuencia 274
9 (RLIN) 180205
852 ## - LOCALIZACIÓN
Ubicación ES-MaACL
Número de control de estantería L-25988
942 ## - ELEMENTOS DE ENTRADA SECUNDARIOS (KOHA)
Fuente del sistema de clasificación o colocación Clasificación decimal universal
Tipo de ítem Koha Libro impreso
Suprimir en OPAC No
Holdings
Estatus retirado Estado de pérdida Estado de daño No para préstamo Biblioteca de origen Biblioteca actual Ubicación en estantería Fecha de adquisición Fuente de adquisición Total de préstamos Signatura topográfica completa Código de barras Visto por última vez Precio de reemplazo Tipo de ítem Koha
        Biblioteca del Ateneo de Madrid Biblioteca del Ateneo de Madrid Depósito 2 17/01/2008     L-25988 1020416 23/02/2023 23/02/2023 Libro impreso